The virgin queen : Elizabeth I, genius of the Golden Age /

Bibliographic Details
Main Author: Hibbert, Christopher, 1924-2008
Format: Book
Language:English
Published: Reading, Mass. : Addison-Wesley Pub. Co., [1991]
Subjects:

MARC

Tag First Indicator Second Indicator Subfields
LEADER 00000cam a2200000 a 4500
001 in00001007402
005 20150927215205.0
008 901030s1991 mauabf b 00110beng
010 |a  90023275  
020 |a 0201156261 :  |c $25.00 ($29.95 Can.) 
035 |a (OCoLC)22734021 
035 |9 AFD5832AM 
040 |a DLC  |c DLC  |d UtOrBLW 
043 |a e-uk--- 
049 |a TXAM 
050 0 0 |a DA355  |b .H53 1990 
082 0 0 |a 941.085/092  |a B  |2 20 
090 |a DA355  |b .H53 1991 
100 1 |a Hibbert, Christopher,  |d 1924-2008. 
245 1 4 |a The virgin queen :  |b Elizabeth I, genius of the Golden Age /  |c Christopher Hibbert. 
264 1 |a Reading, Mass. :  |b Addison-Wesley Pub. Co.,  |c [1991] 
264 4 |c ©1991 
300 |a ix, 287 pages, 32 unnumbered pages of plates :  |b illustrations (some color), maps ;  |c 25 cm. 
336 |a text  |b txt  |2 rdacontent 
337 |a unmediated  |b n  |2 rdamedia 
338 |a volume  |b nc  |2 rdacarrier 
504 |a Includes bibliographical references (pages 267-274) and index. 
600 0 0 |a Elizabeth  |b I,  |c Queen of England,  |d 1533-1603. 
651 0 |a Great Britain  |x History  |y Elizabeth, 1558-1603. 
651 0 |a Great Britain  |x Kings and rulers  |v Biography. 
999 |a MARS 
999 f f |s 29ba2ec4-bfcf-3960-8781-41d4a2e35cad  |i 2ed1931f-b73d-3de2-a715-c0d397f81af8  |t 0 
952 f f |p normal  |a Texas A&M University  |b College Station  |c Sterling C. Evans Library  |s Evans stk  |d Evans: Library Stacks  |t 0  |e DA355 .H53 1991  |h Library of Congress classification  |i unmediated -- volume  |m A14827375538 
998 f f |a DA355 .H53 1991  |t 0  |l Evans: Library Stacks